000 00738nam a22001937a 4500
999 _c10838
_d10838
003 AR-CdUCM
008 190402b ||||| |||| 00| 0 spa d
040 _aMUNICIPALIDAD PROVINCIAL DEL CUSCO
_cBIBLIOTECA MUNICIPAL DEL CUSCO
082 _a331.06 /
_bC81 /1938
245 _aCongreso obrero latinoamericano /
260 _aMexico :
_c1938.
300 _a88 paginas ;
_bIlustraciones,
_c22 cm.
505 _aContenido: Delegados al congreso obrero latinoamericano -- Salutaciones -- Dictámenes aprobados -- Acta constitutiva -- Declaración de principios...
650 _aObreros y trabajo
_927882
650 _aTrabajadores Latinoamericanos
_927883
650 _aLeyes de los obreros
_927884
942 _2ddc
_cLIBROS
945 _awnts